Music Quiz

Random Music Quiz
Score 0/297 Timer 10:00
0 Plays Today
Answer % Correct
I
99.5%
I
99.5%
you
99.5%
I
99.5%
I
99.5%
I
99.5%
you
99.5%
you
99.5%
you
99.5%
you
99.5%
I
99.5%
you
99.5%
you
99.5%
you
99.5%
you
99.5%
you
99.5%
I
99.5%
you,
99.5%
you
99.5%
you
99.5%
you
99.5%
you
99.5%
you
99.5%
you
99.5%
you
99.5%
you
99.5%
you
99.5%
you
99.5%
you
99.5%
you
99.5%
you
99.5%
you
99.5%
you
99.5%
you
99.5%
you
99.5%
you
99.5%
you
99.5%
you
99.5%
the
98.5%
me
98.5%
me
98.5%
me
98.5%
meet
98%
there
98%
the
98%
meet
98%
there
98%
meet
98%
there
98%
the
98%
meet
98%
there
98%
meet
98%
there
98%
meet
98%
there
98%
meet
98%
there
98%
meet
98%
there
98%
meet
98%
there
98%
meet
98%
there
98%
meet
98%
there
98%
the
98%
meet
98%
there
98%
meet
98%
there
98%
meet
98%
there
98%
I'll
97.5%
I'll
97.5%
I'll
97.5%
I'll
97.5%
I'll
97.5%
I'll
97.5%
I'll
97.5%
I'll
97.5%
I'll
97.5%
I'll
97.5%
I'll
97.5%
I'll
97.5%
I'll
97.5%
I'll
97.5%
I'll
97.5%
I'll
97.5%
I'll
97.5%
And
96%
and
96%
And
96%
and
96%
And
96%
and
96%
and
96%
and
96%
and
96%
Answer % Correct
and
96%
And
96%
go,
94%
go
94%
go
94%
go
94%
go
94%
go
94%
go
94%
We
93.5%
we
93.5%
We
93.5%
We
93.5%
to
93%
to,
93%
to
93%
to
93%
to,
93%
to
93%
to,
93%
to
93%
if
92.5%
your
92.5%
if
92.5%
if
92.5%
If
92.5%
your
92.5%
if
92.5%
if
92.5%
your
92.5%
if
92.5%
if
92.5%
If
92.5%
way
92%
we're
92%
we're
92%
way,
92%
we're
92%
we're
92%
way,
92%
we're
92%
we're
92%
mine
91%
meant
91%
meant
91%
mine
91%
meant
91%
meant
91%
mine
91%
meant
91%
meant
91%
So
89.4%
time
89.4%
can
89.4%
So
89.4%
time
89.4%
time
89.4%
time,
89.4%
time,
89.4%
time,
89.4%
time
89.4%
time,
89.4%
time
89.4%
time,
89.4%
So
89.4%
time
89.4%
of
88.4%
of
88.4%
of
88.4%
know
85.4%
know
85.4%
know
85.4%
know
85.4%
know
85.4%
Every
83.9%
was
83.9%
with
83.9%
every
83.9%
was
83.9%
with
83.9%
can't
83.4%
can't
83.4%
can't
83.4%
can't
83.4%
speed
82.9%
up
82.9%
But
82.9%
But
82.9%
speed
82.9%
But
82.9%
speed
82.9%
up
82.9%
But
82.9%
wish
82.4%
wait
82.4%
for
81.9%
for
81.9%
for
81.9%
for
81.9%
Answer % Correct
for,
81.9%
for
81.9%
night
78.9%
moment
77.9%
spent,
77.4%
where
74.4%
hands
74.4%
hands
74.4%
hands
74.4%
wanted
73.9%
lo
73.9%
lo
73.9%
lo
73.9%
lo
73.9%
lo
73.9%
lo
73.9%
lo
73.9%
lo
73.9%
lo
73.9%
wanted
73.9%
lo
73.9%
lo
73.9%
lo
73.9%
lo
73.9%
lo
73.9%
lo
73.9%
lo
73.9%
lo
73.9%
lo
73.9%
lo
73.9%
lo
73.9%
lo
73.9%
lo
73.9%
lo
73.9%
lo
73.9%
lo
73.9%
lo
73.9%
lo
73.9%
lo
73.9%
lo
73.9%
lo
73.9%
No
72.9%
This
72.9%
This
72.9%
This
72.9%
This
72.9%
this
72.9%
in
72.4%
I'd
71.4%
I'd
71.4%
it
71.4%
waiting
70.9%
waiting
70.9%
waiting
70.9%
waiting
70.9%
next
70.4%
next
70.4%
next
70.4%
next
70.4%
is
69.8%
I'm
69.8%
is
69.8%
matter
68.8%
love
68.8%
love
68.8%
love
68.8%
love
68.8%
love
68.8%
love
68.8%
love
68.8%
love
68.8%
love
68.8%
love
68.8%
emotional,
66.3%
When
65.3%
Oh,
65.3%
Oh,
65.3%
than
64.8%
it's
64.3%
take
64.3%
would
63.8%
more
63.8%
just
63.8%
physical,
62.8%
keep
62.8%
days
62.8%
keep
62.8%
break
61.3%
dreamt
60.8%
slept,
59.8%
up
58.8%
track
57.8%
bed,
56.8%
Tell
55.3%
on,
44.2%
on
44.2%
my
39.2%
mind
32.2%
what's
31.2%
Remove Ads.
Support Sporcle.
Get the best of Sporcle when you Go Orange. This ad-free experience offers more features, more stats, and more fun while also helping to support Sporcle. Thank you for becoming a member.

You're not logged in!

Compare scores with friends on all Sporcle quizzes.
OR
Log In

Show Comments

Extras

Created Dec 19, 2018ReportNominate
Tags:meet

Top Quizzes Today


Score Distribution

Your Account Isn't Verified!

In order to create a playlist on Sporcle, you need to verify the email address you used during registration. Go to your Sporcle Settings to finish the process.

Report this User

Report this user for behavior that violates our Community Guidelines.

Details: